Plant design and economics for chemical engineers.

Guardat en:
Dades bibliogràfiques
Autors principals: Peters, Max S (Autor), Timmerhaus, Klaus D (Autor), West, Ronald E (Autor)
Format: Llibre
Idioma:anglès
Publicat: Boston, USA. McGraw-Hill, 2003
Edició:Fifth edition
Col·lecció:McGraw-Hill Chemical Engineering series
Matèries:
Accés en línia:Disponible Online
Etiquetes: Afegir etiqueta
Sense etiquetes, Sigues el primer a etiquetar aquest registre!

MARC

LEADER 00000cam a2200000 a 4500
001 UCL4495
003 CL-VaPUC
005 20211016074505.0
008 040116e20030000US |||||||||||||||||eng|d
999 |c 307320  |d 307318 
020 |a 0072392665 
040 |c Pontificia Universidad Católica de Valparaíso 
082 0 4 |a 660.28 PET 2013  |2 21 
100 0 |a Peters, Max S  |e author  |9 482017 
245 1 0 |a Plant design and economics for chemical engineers. 
250 |a Fifth edition  
260 |a Boston, USA.  |b McGraw-Hill,  |c 2003 
300 |a 988 páginas 
440 |a McGraw-Hill Chemical Engineering series  |9 98 
583 |a last modification  |c 20190507 09:25:16  |k Rodrigo Vera 
650 0 |a Industria química   |2 CL-VaPUC  |9 337387 
650 0 |a Plantas industriales  |9 364524 
650 0 |a Tecnología química   |9 263002 
650 0 |a Transferencia de calor  |9 336631 
700 0 |a Timmerhaus, Klaus D  |e author  |9 99 
700 0 |a West, Ronald E  |e author  |9 482018 
852 |a BIBING 
856 |u http://bibliografiadigital.pucv.cl.pucv.idm.oclc.org/index.php/bibliotecapucv/catalog/book/803  |y Disponible Online  
942 |c BK  |2 ddc 
945 |d 20040116 00:00:00  |a cmena 
952 |0 0  |1 0  |2 ddc  |4 0  |6 660_280000000000000_PET_2003  |7 0  |8 A  |9 373178  |a BIBING  |b BIBING  |d 2019-11-21  |i 3983250  |o 660.28 PET 2003  |p 3983250  |r 2025-01-20  |w 2019-11-21  |y BK  |k EIQ 
952 |0 0  |1 0  |2 ddc  |4 0  |6 660_280000000000000_PET_2003  |7 0  |8 A  |9 373179  |a BIBING  |b BIBING  |d 2019-11-21  |i 3983269  |o 660.28 PET 2003  |p 3983269  |r 2025-01-20  |w 2019-11-21  |y BK  |k EIQ 
952 |0 0  |1 1  |2 ddc  |4 0  |6 660_280000000000000_PET_2003  |7 0  |8 A  |9 373180  |a BIBING  |b BIBING  |d 2019-11-21  |i 3983277  |o 660.28 PET 2003  |p 3983277  |r 2023-03-02  |w 2019-11-21  |y BK  |k EIQ 
952 |0 0  |1 0  |4 0  |6 660_280000000000000_PET_2003  |7 0  |8 A  |9 373181  |a BIBING  |b BIBING  |d 2019-11-21  |i 3998010  |o 660.28 PET 2003  |p 3998010  |r 2025-01-20  |w 2019-11-21  |y BK  |k EIQ 
952 |0 0  |1 0  |4 0  |6 660_280000000000000_PET_2003  |7 0  |8 A  |9 373182  |a BIBING  |b BIBING  |d 2019-11-21  |i 4113810  |o 660.28 PET 2003  |p 4113810  |r 2025-01-20  |w 2019-11-21  |y BK  |k EIQ 
952 |0 0  |1 0  |4 0  |6 660_280000000000000_PET_2003  |7 0  |8 A  |9 373183  |a BIBING  |b BIBING  |d 2019-11-21  |i 4113829  |o 660.28 PET 2003  |p 4113829  |r 2025-01-20  |w 2019-11-21  |y BK  |k EIQ 
952 |0 0  |1 0  |4 0  |6 660_280000000000000_PET_2003  |7 0  |8 A  |9 373184  |a BIBING  |b BIBING  |d 2019-11-21  |i 4323289  |l 3  |m 1  |o 660.28 PET 2003  |p 4323289  |r 2025-01-20  |s 2023-06-23  |w 2019-11-21  |y BK  |k EIQ 
952 |0 0  |1 0  |3 erd  |4 0  |6 660_280000000000000_PET_2003  |7 0  |8 A  |9 373185  |a BIBING  |b BIBING  |d 2019-05-03  |e 1  |g 178023.00  |i 5547113  |l 1  |m 2  |o 660.28 PET 2003  |p 5547113  |r 2025-01-20  |s 2023-10-02  |v 178023.00  |w 2019-11-21  |y BK  |z Catalogado en:20190510  |k EIB 
952 |0 0  |1 0  |3 erd  |4 0  |6 660_280000000000000_PET_2003  |7 0  |8 A  |9 373186  |a BIBING  |b BIBING  |d 2019-05-03  |e 1  |g 178023.00  |i 5547105  |l 1  |m 1  |o 660.28 PET 2003  |p 5547105  |r 2025-01-20  |s 2023-10-11  |v 178023.00  |w 2019-11-21  |y BK  |z Catalogado en:20190510  |k EIB 
952 |0 0  |1 0  |3 erd  |4 0  |6 660_280000000000000_PET_2003  |7 0  |8 A  |9 373187  |a BIBING  |b BIBING  |d 2019-05-03  |e 1  |g 178023.00  |i 5547091  |l 2  |m 5  |o 660.28 PET 2003  |p 5547091  |q 2024-12-13  |r 2024-01-25  |s 2024-01-25  |v 178023.00  |w 2019-11-21  |y BK  |z Catalogado en:20190510  |k EIB